000 00835nam2a22002291 4500
001 v19\rc\2084583
005 20250620043505.0
035 _a(NLR Aleph) 005174466
090 _a5092141
_c5092141
100 _a20081218d1912 |||y0rusy50 ca
101 0 _arus
102 _aRU
105 _ay z |||a|
200 1 _aНаполеон на бивуаках
_e[Рассказы]
210 _d1912
_aБ. м.
461 0 _1001v19\rc\2084575
_12001#$aБиблиотека двенадцатого года$eВып. 1$v[Вып. 8]
_95092086
_cМосква
_d1912
_nОстров
_oВып. 1
_tБиблиотека двенадцатого года
_v[Вып. 8]
702 0 _aНаполеон
_cфр. имп.
_dI
_f1769-1821
_4570
801 0 _aRU
_bNLR
_gpsbo
801 1 _aRU
_bProSoft-M
_2rusmarc
852 _aNLR
_j37.46.10.1
942 _cBOOK
980 _aNB